000 01149cam a22003493a 4500
001 7124
003 PGUSA
005 20140828083141.0
008 041201s2004||||xxu|||||s|||||000 1 eng d
040 _aPGUSA
_beng
042 _adc
050 4 _aPZ
100 1 _aBallantyne, R. M.
_q(Robert Michael),
_d1825-1894
245 1 4 _aThe Coral Island :
_bA Tale of the Pacific Ocean
_h[electronic resource] /
_cR. M. Ballantyne
260 _bProject Gutenberg,
_c2004
506 _aPublic domain in the USA.
516 _aElectronic text
653 _aNatural history -- Juvenile fiction
653 _aOceania -- Juvenile fiction
653 _aConduct of life -- Juvenile fiction
653 _aPirates -- Juvenile fiction
653 _aShipwrecks -- Juvenile fiction
653 _aRobinsonades
653 _aIslands -- Juvenile fiction
653 _aCamping -- Juvenile fiction
653 _aOutdoor life -- Juvenile fiction
653 _aSurvival skills -- Juvenile fiction
653 _aShipwreck survival -- Juvenile fiction
830 0 _aProject Gutenberg
_v7124
856 4 0 _uhttp://www.gutenberg.org/ebooks/7124
942 _cEB
999 _c236444
_d236444